مكتبة جامعة عجلون الوطنية

فهرس بحث المكتبة

Normal view MARC view
  • الاسلام والدولة- التاريخ الاسلامي- عصر صدر الاسلام- الخلفاء الراشدون

Entry Topical Term

Number of records used in: 1

001 - CONTROL NUMBER

  • control field: 7673

003 - CONTROL NUMBER IDENTIFIER

  • control field: JO-AjAnu

005 - DATE AND TIME OF LATEST TRANSACTION

  • control field: 20230606071535.0

008 - FIXED-LENGTH DATA ELEMENTS

  • fixed length control field: 230606|| aca||aabn | a|a d

040 ## - CATALOGING SOURCE

  • Original cataloging agency: JO-AjAnu
  • Transcribing agency: JO-AjAnu

150 ## - HEADING--TOPICAL TERM

  • Topical term or geographic name entry element: الاسلام والدولة- التاريخ الاسلامي- عصر صدر الاسلام- الخلفاء الراشدون

670 ## - SOURCE DATA FOUND

  • Source citation: Work cat.: (JO-AjAnu)3967: جمع وتخريج: الجبوري، عبد اللطيف اسماعيل عيسى, author 7672, رسائل الفاروق عمر بن الخطاب رضي الله عنه الى كافة الأمصار الإسلامية الشام- العراق-الاردن-فلسطين-اليمن-ايران